01380 a2200229 4500003000500000005001700005010001700022020001500039040000900054082001600063100003100079245012500110260004800235300005900283505045800342650003000800700003600830942001200866999001900878952012500897952012801022Nust20230104122118.0 a 2003043618 a0130607185 cNust00a629.895,HAC1 aHackworth, John R.910675210aProgrammable logic controllers :bprogramming methods and applications /cJohn R. Hackworth, Frederick D. Hackworth, Jr. aUpper Saddle River, N.J. :bMerrill,c2004. axiii, 303 p. :bill. ;c24 cm.e+ 1 CD-ROM (4 3/4 in.) aLadder Diagram Fundamentals (Page-1),The Programmable Logic Controller (Page-35), Fundamental PLC Programming(Page-50), Advanced Programming Techniques (Page-72),Mnemonic Programming Code (Page-103), Wiring Techniques (Page-115), Analog I/O (Page-139), Discrete Position Sensors (Page-150), Encoders, Transducers, and Advanced Sensors (Page-169), Closed Loop and PID Control (Page-212), Motor Controls (Page-242), System Integrity and Safety (Page-260). 0aProgrammable controllers.1 aHackworth, Frederick D.9106753 2ddccBK c178770d178770 00102ddc4070aMCSbMCScGENd2016-12-12o629.895,HACpMCS31712r2016-12-08w2016-12-12yBKzAlmirah No.42, Shelf No.2 00102ddc4070aMCSbMCScGENd2023-01-04l0o629.895,HACpMCS30799r2023-01-04w2023-01-04yBKzAlmirah No.42, Shelf No.2